Hazards guidelines extended (Record no. 68843)
[ view plain ]
| 000 -LEADER | |
|---|---|
| fixed length control field | 01005cam a2200217 4500 |
| 001 - CONTROL NUMBER | |
| control field | WB3743-18 |
| 008 - FIXED-LENGTH DATA ELEMENTS--GENERAL INFORMATION | |
| fixed length control field | 011114n2001 000 0 eng u |
| 035 ## - SYSTEM CONTROL NUMBER | |
| System control number | (Sirsi) u115592 |
| 245 ## - TITLE STATEMENT | |
| Title | Hazards guidelines extended |
| 260 ## - PUBLICATION, DISTRIBUTION, ETC. | |
| Date of publication, distribution, etc. | 2001 |
| 490 ## - SERIES STATEMENT | |
| Series statement | Building Trade and Industry |
| Volume/sequential designation | 17(11) November 2001, 1(1) |
| 520 ## - SUMMARY, ETC. | |
| Summary, etc. | The Health and Safety Commission (HSC) has set out proposals for new regulations governing the use of dangerous substances. The proposed extensions to the "Control of Substances Hazardous to Health Regulations" (COSHH) and "Control of Lead at Work Regulations" (CLAW) are to fit European health requirements that are not provided for in British legislation. HSE web site available at http://www.hse.gov.uk |
| 590 ## - LOCAL NOTE (RLIN) | |
| Local note | WB |
| 650 ## - SUBJECT ADDED ENTRY--TOPICAL TERM | |
| Topical term or geographic name entry element | HEALTH AND SAFETY COMMISSION |
| 650 ## - SUBJECT ADDED ENTRY--TOPICAL TERM | |
| Topical term or geographic name entry element | CONTROL OF SUBSTANCES HAZARDOUS TO HEALTH REGULATIONS |
| 650 ## - SUBJECT ADDED ENTRY--TOPICAL TERM | |
| Topical term or geographic name entry element | HAZARDOUS SUBSTANCES |
| 650 ## - SUBJECT ADDED ENTRY--TOPICAL TERM | |
| Topical term or geographic name entry element | COSHH |
| 650 ## - SUBJECT ADDED ENTRY--TOPICAL TERM | |
| Topical term or geographic name entry element | WORK REGULATIONS |
| 690 ## - LOCAL SUBJECT ADDED ENTRY--TOPICAL TERM (OCLC, RLIN) | |
| Topical term or geographic name as entry element | Health and safety |
| 9 (RLIN) | 6244 |
| 942 ## - ADDED ENTRY ELEMENTS (KOHA) | |
| Suppress in OPAC | 0 |
| Withdrawn status | Lost status | Source of classification or shelving scheme | Damaged status | Not for loan | Home library | Current library | Shelving location | Date acquired | Total Checkouts | Full call number | Barcode | Date last seen | Copy number | Price effective from | Koha item type |
|---|---|---|---|---|---|---|---|---|---|---|---|---|---|---|---|
| Dewey Decimal Classification | London | London | News article | 14/11/2001 | WB3743-18 | 115592-1001 | 06/08/2019 | 1 | 06/08/2019 | Journal article |